Culturas y cocinas (Record no. 661)

MARC details
000 -CABECERA
campo de control de longitud fija 00978nam a2200277 a 4500
001 - NÚMERO DE CONTROL
campo de control BRCA_762
005 - FECHA Y HORA DE LA ÚLTIMA TRANSACCIÓN
campo de control 20190320203135.0
008 - DATOS DE LONGITUD FIJA--INFORMACIÓN GENERAL
campo de control de longitud fija 990112s1998 mx-a---##b---#000-0#fre-d
020 ## - NÚMERO INTERNACIONAL ESTÁNDAR DEL LIBRO
Número Internacional Estándar del Libro 9687657014
040 ## - FUENTE DE LA CATALOGACIÓN
Centro catalogador/agencia de origen DLC
Centro/agencia transcriptor DLC
041 ## - CÓDIGO DE LENGUA
Código de lengua del texto/banda sonora o título independiente fre
Código de lengua original spa
050 #4 - SIGNATURA TOPOGRÁFICA DE LA BIBLIOTECA DEL CONGRESO
Número de clasificación TX716
Número de documento/Ítem .C85 1998
245 10 - MENCIÓN DE TÍTULO
Título Culturas y cocinas
Mención de responsabilidad, etc. traducción Susana Monzón, Graciela Schwartz.
260 ## - PUBLICACIÓN, DISTRIBUCIÓN, ETC.
Lugar de publicación, distribución, etc. Puebla, México
Nombre del editor, distribuidor, etc. Museo Amparo
Fecha de publicación, distribución, etc. 1998
300 ## - DESCRIPCIÓN FÍSICA
Extensión 55 p.
Otras características físicas il. (algunas a color)
Dimensiones 28 cm.
500 ## - NOTA GENERAL
Nota general Traducción de: Histoires de Cuisines
500 ## - NOTA GENERAL
Nota general Incluye Catálogo de obra y glosario
500 ## - NOTA GENERAL
Nota general Catálogo de la exposición realizada en el Museo Amparo (Puebla, México), septiembre - noviembre, 1998
504 ## - NOTA DE BIBLIOGRAFÍA, ETC.
Nota de bibliografía, etc. Bibliografía: p. 51
650 14 - PUNTO DE ACCESO ADICIONAL DE MATERIA--TÉRMINO DE MATERIA
Término de materia o nombre geográfico como elemento de entrada Cocina
Subdivisión de forma Exposiciones
Subdivisión general Historia
Subdivisión geográfica México
9 (RLIN) 2531
650 14 - PUNTO DE ACCESO ADICIONAL DE MATERIA--TÉRMINO DE MATERIA
Término de materia o nombre geográfico como elemento de entrada Hábitos alimenticios
Subdivisión de forma Exposiciones
Subdivisión general Historia
9 (RLIN) 2532
653 0# - TÉRMINO DE INDIZACIÓN--NO CONTROLADO
Término no controlado Gastronomía
700 1# - PUNTO DE ACCESO ADICIONAL--NOMBRE DE PERSONA
Nombre de persona Monzón, Susana
9 (RLIN) 2533
700 1# - PUNTO DE ACCESO ADICIONAL--NOMBRE DE PERSONA
Nombre de persona Schwartz, Graciela
9 (RLIN) 2534
942 ## - ELEMENTOS DE PUNTO DE ACCESO ADICIONAL (KOHA)
Fuente del sistema de clasificación o colocación Library of Congress Classification
Tipo de ítem Koha Libros
Holdings
Estado de retiro Estado de pérdida Estado dañado No para préstamo Localización permanente Ubicación/localización actual Fecha de adquisición Total de préstamos Signatura topográfica completa Código de barras Fecha visto por última vez Precio válido a partir de Tipo de ítem Koha
El ejemplar forma parte de la colección y puede ser consultado según las políticas vigentes.       Biblioteca del Museo Franz Mayer (Rogerio Casas-Alatriste) Biblioteca del Museo Franz Mayer (Rogerio Casas-Alatriste) 26/06/2008   TX716 .C85 1998 01168 22/03/2019 22/03/2019 Libros